书目信息 |
| 题名: |
微生物酶转化技术
|
|
| 作者: | 宋欣 主编 | |
| 分册: | ||
| 出版信息: | 北京 化学工业出版社 2004 |
|
| 页数: | 254页 | |
| 开本: | 23cm | |
| 丛书名: | 现代微生物技术丛书 | |
| 单 册: | ||
| 中图分类: | Q936 | |
| 科图分类: | ||
| 主题词: | 微生物--酶--转化 , 微生物 , 酶 | |
| 电子资源: | ||
| ISBN: | 7-5025-5543-9 | |
| 000 | 00836oam2 2200277 450 | |
| 001 | 0900000009516 | |
| 005 | 20050913081258.67 | |
| 010 | @a7-5025-5543-9@dCNY35.00 | |
| 100 | @a20040821d2004 ekmy0chiy0120 ea | |
| 101 | 0 | @achi |
| 102 | @aCN@b110000 | |
| 105 | @aak az 000yy | |
| 200 | 1 | @a微生物酶转化技术@Awei sheng wu mei zhuan hua ji shu@f宋欣主编@Fsong xin zhu bian |
| 210 | @a北京@c化学工业出版社@d2004 | |
| 215 | @a254页@c图@d23cm | |
| 225 | 2 | @a现代微生物技术丛书 |
| 320 | @a有书目 | |
| 330 | @a本书论述了微生物酶转化技术的理论基础,关键技术及其具体的应用,即反映新技术,新方法和新应用。 | |
| 410 | 0 | @12001 @a现代微生物技术丛书 |
| 606 | 0 | @a微生物@x酶@x转化 |
| 606 | 0 | @a微生物 |
| 606 | 0 | @a酶 |
| 690 | @aQ936@v4 | |
| 701 | 0 | @a宋欣@Asong xin@4主编 |
| 801 | 0 | @aCN@bTSSF@c20050913 |
| 905 | @a10447@dQ936@e36 | |
| 微生物酶转化技术/宋欣主编.-北京:化学工业出版社,2004 |
| 254页:图;23cm.-(现代微生物技术丛书) |
| ISBN 7-5025-5543-9:CNY35.00 |
| 本书论述了微生物酶转化技术的理论基础,关键技术及其具体的应用,即反映新技术,新方法和新应用。 |
| ● |
| 相关链接 |
|
|
|
|
正题名:微生物酶转化技术
索取号:Q936/36
 
预约/预借
| 序号 | 登录号 | 条形码 | 馆藏地/架位号 | 状态 | 备注 |
| 1 | 0361019 | 3610195 | 第二样本阅览室/ [索取号:Q936/36] | 在馆 | |
| 2 | 0361020 | 3610202 | 第三借阅区/ [索取号:Q936/36] | 在馆 | |
| 3 | 0361021 | 3610211 | 第三借阅区/ [索取号:Q936/36] | 在馆 |